000 00708nam a2200205 4500
999 _c20451
_d20451
005 20191224042355.0
008 190311b xxu||||| |||| 00| 0 spa d
040 _aCO-BoIAVH
_cCO-BoIAVH
041 _aspa
044 _ack
090 _aFG
_b0347
110 _aInstituto de Investigaciones Marinas y Costeras INVEMAR
245 _aEl caracol pala:
_bde los archipiélagos de nuestra señora del rosario y san bernardo
260 _aColombia:
_bInstituto de Investigaciones Marinas y Costeras INVEMAR,
_c2005.
300 _aPlegable
_c28x21cm
650 _aBiodiversidad marina
650 _aEcología Caracol
650 _aCaracoles
_xDistribución
942 _2z
_cFolleto